Statistiken für Länder, die Rom umgeben

Klicken Sie hier um das Quiz zu spielen!

Allgemein

  • Dieses Quiz wurde 11.824 mal gespielt
  • Das Durchschnittsergebnis liegt bei 15 aus 17

Antwortstatistiken

GradLand% Korrekt
259°-297°, 298°-317°Frankreich
96%
0°-7°, 344°-357°Österreich
96%
317°-344°Schweiz
96%
250°-259°Spanien
95%
10°-81°Kroatien
93%
108°-124°Griechenland
90%
7°-10°Slowenien
88%
185°-212°Tunesien
86%
124°-130°Ägypten
85%
88°-108°Albanien
85%
212°-244°Algerien
85%
164°-166°Malta
84%
244°-250°Marokko
84%
130°-164°, 166°-185°Libyen
80%
357°-0°San Marino
80%
297°-298°Monaco
79%
81°-88°Montenegro
76%

Verteilung der Resultate

Perzentil nach korrekt beantworteten Fragen

Anzahl Personen mit jedem Resultat

Ihre Resultats-Entwicklung

Sie haben dieses Quiz noch nicht gespielt